000 00738nam a2200241 i 4500
001 bg
100 1 _aCIARLET, Philippe G.
245 1 0 _aMathematical elasticity. /
_cPhilippe G. Ciarlet
_nVol. 3,Theory of shells.
260 _aAmsterdam [etc.] :
_bElsevier,
_c2000.
300 _aLX, 599 s. :
_brys. ;
_c24 cm.
490 1 _aStudies in Mathematics and Its Applications ;
_vV.29
504 _aBibliogr. s. 557-599.
650 9 _aPowłoki (bud.)
_xteoria
650 9 _aSprężystość
830 _aStudies in Mathematics and Its Applications ;
020 _a0444828915
040 _cBPK
041 0 _aen
080 _a624.074.4/.5:539.3
920 _a0-444-82891-5
942 _cKS
008 s pl f |000 0 pol
999 _c38523
_d38523
856 _uhttp://koha.tu.koszalin.pl/cgi-bin/koha/opac-detail.pl?biblionumber=38523
_yKatalog online BPK